ខ្ញុំរៀនព្យញ្ជនៈ / (Record no. 1697)
[ view plain ]
| 000 -LEADER | |
|---|---|
| fixed length control field | 01963nam a22003257a 4500 |
| 001 - CONTROL NUMBER | |
| control field | 1697 |
| 003 - CONTROL NUMBER IDENTIFIER | |
| control field | FISKH |
| 005 - DATE AND TIME OF LATEST TRANSACTION | |
| control field | 20250904082839.0 |
| 008 - FIXED-LENGTH DATA ELEMENTS--GENERAL INFORMATION | |
| fixed length control field | 230915b cb ||||| |||| 00| 0 khr d |
| 020 ## - INTERNATIONAL STANDARD BOOK NUMBER | |
| International Standard Book Number | 9789924340706 |
| 040 ## - CATALOGING SOURCE | |
| Original cataloging agency | FISKH |
| Language of cataloging | eng |
| Transcribing agency | FISKH |
| Modifying agency | FISKH |
| 082 ## - DEWEY DECIMAL CLASSIFICATION NUMBER | |
| Classification number | 649.124 |
| 100 ## - MAIN ENTRY--PERSONAL NAME | |
| Personal name | Vanthary, Oum |
| 245 ## - TITLE STATEMENT | |
| Title | ខ្ញុំរៀនព្យញ្ជនៈ / |
| 250 ## - EDITION STATEMENT | |
| Edition statement | បោះពុម្ពលើទី ៥ មិថុនា ២០២២ |
| 260 ## - PUBLICATION, DISTRIBUTION, ETC. | |
| Place of publication, distribution, etc. | Phnom Penh : |
| Name of publisher, distributor, etc. | Sipar, |
| Date of publication, distribution, etc. | 2022. |
| 300 ## - PHYSICAL DESCRIPTION | |
| Extent | 24 pages : |
| Other physical details | illustrations ; |
| Dimensions | 27 cm |
| 490 ## - SERIES STATEMENT | |
| Series statement | ម៉ុនតេសូរី |
| Volume/sequential designation | ២ |
| 490 ## - SERIES STATEMENT | |
| Series statement | Montessori |
| 505 ## - FORMATTED CONTENTS NOTE | |
| Formatted contents note | D<br/> |
| 520 ## - SUMMARY, ETC. | |
| Summary, etc. | គឺជាសៀវភៅដំបូងគេសម្រាប់រៀនពីរបៀបសរសេរអក្សរ និងលេខ ដែលជួយកុមារកំណត់អត្តសញ្ញាណ រាប់ និងលេងហ្គេមផ្សេងៗតាមរយៈការលាបពណ៌។ ជាងនេះទៅទៀត វាជាឧបករណ៍សិក្សាសម្រាប់ឪពុកម្តាយ និងលោកគ្រូអ្នកគ្រូ ដើម្បីអនុវត្តរួមគ្នា និងមើលឃើញពីការរីកចម្រើនរបស់កុមារ។ |
| 520 ## - SUMMARY, ETC. | |
| Summary, etc. | Is the first books for learning how to write letters and numbers that help children identify, count, and play different games through coloring. Moreover, it’s a study tool for parents and teachers to practice together and see the progress of the child.<br/> |
| 521 8# - TARGET AUDIENCE NOTE | |
| Target audience note | 160 <br/> |
| Source | Lexile estimate AD<br/> |
| 521 8# - TARGET AUDIENCE NOTE | |
| Target audience note | D <br/> |
| Source | Raz-Plus<br/> |
| 650 ## - SUBJECT ADDED ENTRY--TOPICAL TERM | |
| Topical term or geographic name entry element | ម៉ុនតេសូរី |
| Form subdivision | ល្បែងកំសាន្ត |
| General subdivision | រៀន |
| 650 ## - SUBJECT ADDED ENTRY--TOPICAL TERM | |
| Topical term or geographic name entry element | Montessori |
| Form subdivision | Game |
| General subdivision | Learning |
| 700 ## - ADDED ENTRY--PERSONAL NAME | |
| Personal name | Sodany, Ouch |
| Relator term | Author |
| 700 ## - ADDED ENTRY--PERSONAL NAME | |
| Personal name | Visoth, Seng |
| Dates associated with a name | illustrator |
| 942 ## - ADDED ENTRY ELEMENTS (KOHA) | |
| Source of classification or shelving scheme | Dewey Decimal Classification |
| Koha item type | Khmer Books |
| Suppress in OPAC | No |
| Withdrawn status | Lost status | Source of classification or shelving scheme | Damaged status | Not for loan | Collection | Home library | Current library | Shelving location | Date acquired | Total Checkouts | Full call number | Barcode | Date last seen | Copy number | Price effective from | Koha item type | Date last checked out |
|---|---|---|---|---|---|---|---|---|---|---|---|---|---|---|---|---|---|
| Dewey Decimal Classification | Khmer Language Books / សៀវភៅភាសាខ្មែរ | Footprints International School Library Network Toul Kork Campus | Footprints International School Library Network Toul Kork Campus | TK Campus, Room B402, Khmer Book Case 16, Shelves 112-123 / ទូរសៀវភៅខ្មែរលេខ ១៦ ធ្នើរ ១១២ ដល់ ១២៣ បន្ទប់ B402 សាខាទួលគោក | 09/15/2023 | VAN 649.124 | 2023-0625 | 09/15/2023 | 1 | 09/15/2023 | Khmer Books | ||||||
| Dewey Decimal Classification | Khmer Language Books / សៀវភៅភាសាខ្មែរ | Footprints International School Library Network Toul Tom Poung Campus | Footprints International School Library Network Toul Tom Poung Campus | TTP Primary Khmer Bookshelves | 09/15/2023 | 1 | VAN 649.124 | 2023-0626 | 06/09/2025 | 2 | 09/15/2023 | Khmer Books | 02/14/2025 |
